Zwycięscy Turnieju Czterech Skoczni - Statystyki

Ogólne statystyki
  • Ten quiz został rozwiązany 323 razy
  • Średni wynik to 23 z 68
Statystyki odpowiedzi
Hint Odpowiedź % Poprawnych
2016/17 Kamil Stoch
100%
2017/18 Kamil Stoch
100%
2000/01 Adam Małysz
96%
2019/20 Dawid Kubacki
93%
2018/19 Ryoyu Kobayashi
88%
2014/15 Stefan Kraft
84%
2005/06 Jakub Janda Janne Ahonen
83%
1998/99 Janne Ahonen
82%
2002/03 Janne Ahonen
82%
2004/05 Janne Ahonen
82%
2007/08 Janne Ahonen
82%
2015/16 Peter Prevc
81%
2011/12 Gregor Schlierenzauer
74%
2012/13 Gregor Schlierenzauer
74%
2010/11 Thomas Morgenstern
72%
2001/02 Sven Hannawald
70%
2013/14 Thomas Diethart
58%
2009/10 Andreas Kofler
54%
1982/83 Matti Nykanen
53%
1987/88 Matti Nykanen
53%
2008/09 Wolfgang Loitzl
46%
2006/07 Anders Jacobsen
45%
1992/93 Andreas Goldberger
43%
1994/95 Andreas Goldberger
43%
1996/97 Primoz Peterka
43%
1997/98 Kazuyoshi Funaki
41%
1983/84 Jens Weißflog
39%
1984/85 Jens Weißflog
39%
1990/91 Jens Weißflog
39%
1995/96 Jens Weißflog
39%
1993/94 Espen Bredesen
27%
2003/04 Sigurd Pettersen
27%
1989/90 Dieter Thoma
23%
1991/92 Toni Nieminen
21%
1966/67 Bjorn Wirkola
19%
1967/68 Bjorn Wirkola
19%
1968/69 Bjorn Wirkola
19%
1972/73 Rainer Schmidt
18%
1999/00 Andreas Widholzl
16%
1970/71 Jiri Raska
12%
1985/86 Ernst Vettori
9%
1986/87 Ernst Vettori
9%
1979/80 Hubert Neuper
9%
1980/81 Hubert Neuper
9%
1953 Josef Bradl
9%
1957/58 Helmut Recknagel
8%
1958/59 Helmut Recknagel
8%
1960/61 Helmut Recknagel
8%
1973/74 Hans-Georg Aschenbach
6%
1955/56 Nikołaj Kamienski
4%
1971/72 Ingolf Mork
3%
1975/76 Jochen Danneberg
3%
1976/77 Jochen Danneberg
3%
1959/60 Max Bolkart
3%
1988/89 Risto Laakkonen
3%
1963/64 Veikko Kankkonen
3%
1965/66 Veikko Kankkonen
3%
1954/55 Hemmo Silvennoinen
2%
1961/62 Eino Kirjonen
1%
1969/70 Horst Queck
1%
1977/78 Kari Ylianttila
1%
1981/82 Manfred Deckert
1%
1978/79 Pentti Kokkonen
1%
1956/57 Pentti Uotinen
1%
1962/63 Toralf Engan
1%
1964/65 Torgeir Brandtzaeg
1%
1974/75 Willi Purstl
1%
1953/54 Olaf Bjornstand
0%
Nie znaleziono quizów pasujących do podanych kryteriów
Rozkład punktacji
Procent ludzi z każdym wynikiem
Percentyl według liczby udzielonych odpowiedzi
Twoja historia wyników
Nie rozwiązałeś tego quizu